00543 2200205 4500001002100000005001500021035002000036007000300056008004100059020001800100082001000118084001600128100001700144245007500161250001100236260003200247300002800279650001800307990001200325INLIS00000000000968820211213100602 a0010-1221000062ta211213 g 0 ind  a9789791683142 a330.5 a330.5 RAH g0 aRAHMAN, Arif1 aGolden Era Indonesia :bSekarang atau Tidak Sama Sekali /cArif Rahman aCet. 1 aYogyakarta :bNARASI,c2013 a332 hlm ;c14.5 x 21 cm 4aEkonomi Makro a14574 A